Coupe du Monde 2026 - Tous Drapeaux - Statistiques

Statistiques générales
  • Ce quiz a été pris 119 fois
  • Le résultat moyen est 37 sur 42
Statistiques - réponses
Par images Réponse % Correct
Corée du Sud
98%
Argentine
96%
Afrique du Sud
95%
Algérie
95%
Brésil
95%
Écosse
95%
Mexique
95%
Suisse
95%
Uruguay
95%
Allemagne
94%
Belgique
94%
Nouvelle-Zélande
94%
Pays-Bas
94%
Portugal
94%
États-Unis
92%
France
92%
Japon
92%
Maroc
92%
Tunisie
92%
Autriche
91%
Espagne
91%
Norvège
91%
Canada
90%
Croatie
90%
Qatar
90%
Arabie saoudite
89%
Colombie
89%
Angleterre
88%
Australie
88%
Côte d'Ivoire
88%
Sénégal
88%
Égypte
87%
Ghana
86%
Iran
86%
Panama
85%
Équateur
80%
Haïti
75%
Paraguay
75%
Ouzbékistan
74%
Jordanie
72%
Cap-Vert
67%
Curaçao
55%
Aucun quiz correspondant
Distribution des résultats
% des personnes avec chaque résultat
Percentile par nombre de réponses
Votre historique - résultats
Vous n’avez pas pris ce quiz